[Event "Challenge"]
[Site "http://www.queenalice.com/game.php?id=782867"]
[Date "2010.5.30"]
[Round "-"]
[White "EternalChess"]
[Black "HelterSkelter"]
[Result "1-0"]
[WhiteElo "1553"]
[BlackElo "1384"]

1. e4 e5 2. Nf3 Nc6 3. d4 exd4 4. Nxd4 Nxd4 5. Qxd4 d6 6. h3 Be7 7. Qxg7 Bf6 8.
Qg3 Ne7 9. Qd3 O-O 10. Qg3+ Kh8 11. c3 Rg8 12. Qf3 Rg6 13. g3 Rg8 14. Qxf6+ Rg7
15. Bh6 Nd5 16. Qxg7# 1-0

[Event "Challenge"]
[Site "http://www.queenalice.com/game.php?id=782868"]
[Date "2010.5.30"]
[Round "-"]
[White "HelterSkelter"]
[Black "Krajnicov"]
[Result "0-1"]
[WhiteElo "1375"]
[BlackElo "1334"]

1. e4 e5 2. Nf3 Qf6 3. Be2 Bc5 4. O-O h5 5. g3 g5 6. h4 d6 7. hxg5 Qg6 8. Nc3 c6
9. d4 exd4 10. Na4 Qxe4 11. c3 Bg4 12. Nxc5 dxc5 13. b4 Bxf3 14. Bxf3 Qf5 15.
Bxh5 Qh3 16. g6 Rxh5 17. g4 Qh2# 0-1

[Event "QA-ANNIV-06"]
[Site "http://www.queenalice.com/game.php?id=791003"]
[Date "2010.6.16"]
[Round "1"]
[White "HelterSkelter"]
[Black "arrabi"]
[Result "0-1"]
[WhiteElo "1357"]
[BlackElo "2204"]

1. e4 c5 2. Bc4 e6 3. Nc3 Be7 4. d4 Nf6 5. dxc5 Bxc5 6. Nf3 Qb6 7. Be3 Bxe3 8.
fxe3 Qxb2 9. Rb1 Qxc3+ 10. Nd2 Nxe4 11. Bd3 Nc5 12. Bb5 Qxe3+ 13. Be2 Nc6 14.
Nc4 Qc3+ 15. Nd2 Nd4 16. Bb5 Qe3+ 17. Kf1 b6 18. Nc4 Qf4+ 19. Ke1 Bb7 20. Rf1
Qe4+ 21. Kf2 Qxg2+ 22. Ke1 Nxc2+ 23. Qxc2 Qxc2 24. Rd1 Nd3+ 25. Rxd3 Qxd3 26.
Na3 Qxa3 27. Bc4 Qc1+ 28. Kf2 Qxc4 29. a3 Ba6 30. Rg1 Qf4+ 31. Kg2 Bb7+ 0-1

[Event "AUTO-INT-1743"]
[Site "http://www.queenalice.com/game.php?id=797295"]
[Date "2010.7.1"]
[Round "1"]
[White "HelterSkelter"]
[Black "Denny"]
[Result "1/2-1/2"]
[WhiteElo "1378"]
[BlackElo "1277"]

1. e4 e5 2. Nf3 d6 3. d4 Nc6 4. dxe5 Nxe5 5. Nxe5 dxe5 6. Qxd8+ Kxd8 7. Nc3 Bb4
8. Bd2 Bc5 9. Rd1 Bg4 10. Bc4 Bxd1 11. Kxd1 Ne7 12. Bg5 f6 13. Bd2 c6 14. b3
Bxf2 15. a4 b5 16. axb5 Rb8 17. Rf1 Bh4 18. g3 Bg5 19. Bxg5 fxg5 20. b4 cxb5 21.
Bb3 Rc8 22. Nd5 Re8 23. h4 g4 24. Nxe7 Kxe7 25. Kc1 g5 26. Rf5 h6 27. Rxe5+ Kd8
28. Rxb5 a6 29. Rd5+ Kc7 30. Rc5+ Kd8 31. Rd5+ Ke7 32. hxg5 1/2-1/2

[Event "AUTO-INT-1743"]
[Site "http://www.queenalice.com/game.php?id=797296"]
[Date "2010.7.1"]
[Round "1"]
[White "Denny"]
[Black "HelterSkelter"]
[Result "1/2-1/2"]
[WhiteElo "1318"]
[BlackElo "1397"]

1. d4 e5 2. e3 d6 3. dxe5 dxe5 4. g3 Nf6 5. Nd2 Bb4 6. a3 Bd6 7. Bc4 Be6 8. Bxe6
fxe6 9. Ngf3 O-O 10. Ne4 Nxe4 11. O-O Nc6 12. Qd3 Rxf3 13. Kg2 a6 14. Kxf3 Ng5+
15. Kg2 b5 16. e4 Ne7 17. Bxg5 h6 18. Be3 Ng6 19. f4 exf4 20. gxf4 e5 21. Qd5+
1/2-1/2

[Event "AUTO-INT-1743"]
[Site "http://www.queenalice.com/game.php?id=797297"]
[Date "2010.7.1"]
[Round "1"]
[White "HelterSkelter"]
[Black "Tal0n"]
[Result "0-1"]
[WhiteElo "1370"]
[BlackElo "1599"]

1. e4 d5 2. exd5 Qxd5 3. Nc3 Qd6 4. Bb5+ Bd7 5. Bxd7+ Nxd7 6. Nf3 e5 7. O-O Qf6
8. d3 Bc5 9. Bg5 Qf5 10. Nd5 Bd6 11. b3 f6 12. Be3 Qh5 13. c4 e4 14. dxe4 Ne5
15. Nxe5 Qxe5 16. a3 Qxh2# 0-1

[Event "AUTO-INT-1743"]
[Site "http://www.queenalice.com/game.php?id=797298"]
[Date "2010.7.1"]
[Round "1"]
[White "Tal0n"]
[Black "HelterSkelter"]
[Result "1-0"]
[WhiteElo "1606"]
[BlackElo "1346"]

1. e4 e5 2. d4 exd4 3. Qxd4 Nc6 4. Qd2 Nf6 5. Nc3 Bb4 6. a3 Bxc3 7. bxc3 Nxe4 8.
Qe3 d5 9. c4 Bf5 10. Bd3 O-O 11. Bb2 d4 12. Qf4 Bg6 13. Bxe4 Qe8 14. f3 Qc8 15.
O-O-O Bxe4 16. Qxe4 f5 17. Qd5+ Kh8 18. Nh3 Ne7 19. Qxd4 Rd8 20. Qxg7# 1-0

[Event "Challenge"]
[Site "http://www.queenalice.com/game.php?id=798700"]
[Date "2010.7.4"]
[Round "-"]
[White "HelterSkelter"]
[Black "pacomar16"]
[Result "0-1"]
[WhiteElo "1363"]
[BlackElo "1329"]

1. e4 e5 2. Nf3 g6 3. Nxe5 Qf6 4. Nf3 Nc6 5. Bb5 a6 6. Bd3 Bc5 7. O-O Ne5 8.
Nxe5 Qxe5 9. Nc3 Bd6 10. b3 Qxh2# 0-1

[Event "Challenge"]
[Site "http://www.queenalice.com/game.php?id=802364"]
[Date "2010.7.12"]
[Round "-"]
[White "HelterSkelter"]
[Black "pacomar16"]
[Result "1-0"]
[WhiteElo "1397"]
[BlackElo "1284"]

1. e4 e5 2. Nf3 f6 3. Nc3 Nc6 4. Bb5 a6 5. Ba4 b5 6. Bb3 Nd4 7. O-O Nxb3 8. cxb3
c5 9. a4 Bb7 10. axb5 axb5 11. Rxa8 Bxa8 12. Nxb5 d5 13. exd5 Qb6 14. Nc3 c4 15.
bxc4 Ne7 16. d4 exd4 17. Nxd4 Qa5 18. Bd2 g6 19. Ne4 Nxd5 20. Bxa5 f5 21. cxd5
fxe4 22. Qa4+ Kf7 23. Qd7+ Be7 24. Nc6 Kf6 25. Bc3+ Kg5 26. Bxh8 Bf6 27. Bxf6+
Kxf6 28. Qe7+ Kf5 29. Qf8+ Kg5 30. Qxa8 Kf4 31. g3+ Kf3 32. Qf8+ Ke2 33. Nd4+
Kd3 34. d6 Kxd4 35. Rd1+ Kc5 36. d7+ Kc4 37. d8=Q Kb3 38. Rc1 Kxb2 39. Qc8 h5
40. Qb4+ 1-0

[Event "Challenge"]
[Site "http://www.queenalice.com/game.php?id=812072"]
[Date "2010.8.2"]
[Round "-"]
[White "garota_rap"]
[Black "HelterSkelter"]
[Result "1-0"]
[WhiteElo "1538"]
[BlackElo "1408"]

1. e4 e5 2. Qf3 Nc6 3. Bc4 Nf6 4. Ne2 d5 5. exd5 Nd4 6. Nxd4 exd4 7. Qf4 Bd6 8.
Qxd4 Qd7 9. Qe3+ Qe7 10. Qxe7+ Bxe7 11. O-O O-O 12. d3 Bg4 13. Re1 Bb4 14. c3
Bc5 15. Nd2 Bd6 16. Ne4 Bf5 17. Nxd6 cxd6 18. h3 g5 19. Bxg5 Nd7 20. g4 Nc5 21.
gxf5 Rfe8 22. Rxe8+ Rxe8 23. Bb5 Re2 24. b4 Na6 25. d4 b6 26. Bxe2 b5 27. Bxb5
1-0

[Event "Challenge"]
[Site "http://www.queenalice.com/game.php?id=820129"]
[Date "2010.8.18"]
[Round "-"]
[White "HelterSkelter"]
[Black "Marlu"]
[Result "0-1"]
[WhiteElo "1394"]
[BlackElo "1449"]

1. e4 e5 2. Nf3 Nc6 3. Bb5 Nd4 4. Nxd4 exd4 5. O-O c6 6. Bd3 d6 7. f3 Nf6 8. c3
dxc3 9. dxc3 h5 10. Nd2 Be7 11. b4 Kf8 12. c4 a6 13. a4 h4 14. h3 Nh5 15. Rf2
Nf4 16. a5 Nxd3 17. Re2 Nf4 18. Re3 Bf6 19. Ra4 Bd4 20. Kf2 Qg5 21. Nb3 Qxg2+
0-1

[Event "Challenge"]
[Site "http://www.queenalice.com/game.php?id=827382"]
[Date "2010.9.3"]
[Round "-"]
[White "pacomar16"]
[Black "HelterSkelter"]
[Result "1-0"]
[WhiteElo "1247"]
[BlackElo "1374"]

1. e4 e5 2. Qh5 g6 3. Qxe5+ Ne7 4. Qxh8 d6 5. Bc4 Be6 6. Bb5+ c6 7. Be2 d5 8.
Bf3 Nd7 9. h3 f6 10. h4 dxe4 11. Bxe4 Ne5 12. Qxf6 Qc8 13. Qxe5 h5 14. d4 c5 15.
dxc5 Nc6 16. Qf6 Be7 17. Qh8+ Bf8 18. Qf6 1-0

[Event "AUTO-INT-1818"]
[Site "http://www.queenalice.com/game.php?id=832730"]
[Date "2010.9.14"]
[Round "1"]
[White "HelterSkelter"]
[Black "Gil"]
[Result "0-1"]
[WhiteElo "1341"]
[BlackElo "2023"]

1. e4 c5 2. Nf3 Nc6 3. Nc3 e6 4. e5 d6 5. Qe2 d5 6. g3 Nge7 7. Bh3 g6 8. Nb5 Nf5
9. d3 a6 10. Nd6+ Bxd6 11. exd6 Nfd4 12. Qd1 Nxf3+ 13. Qxf3 Nd4 14. Qd1 Qxd6 15.
Bf4 e5 16. Bxc8 exf4 17. Bg4 h5 18. Be2 O-O 19. gxf4 Rfe8 20. Kf1 Rxe2 21. Rc1
Qxf4 22. c3 Qxf2# 0-1

[Event "AUTO-INT-1818"]
[Site "http://www.queenalice.com/game.php?id=832731"]
[Date "2010.9.14"]
[Round "1"]
[White "Gil"]
[Black "HelterSkelter"]
[Result "1-0"]
[WhiteElo "2031"]
[BlackElo "1339"]

1. d4 d5 2. Nf3 Nc6 3. c4 e6 4. Nc3 Nf6 5. e3 Bb4 6. Bd2 O-O 7. cxd5 exd5 8. Bd3
Be6 9. O-O Ne4 10. Nxe4 Bxd2 11. Qxd2 dxe4 12. Bxe4 Bc4 13. Rfd1 Bb5 14. a4 Bxa4
15. Rxa4 Qe8 16. Qc2 Rd8 17. Bxh7+ Kh8 18. Be4 f5 19. Bxf5 g6 20. Bxg6 Qe7 21.
d5 Ne5 22. Nxe5 Qxe5 23. Rh4+ Kg7 24. Rdd4 c5 25. Rdg4 Rh8 26. Bh5+ Kf8 27.
Qxc5+ Rd6 28. Qc8+ 1-0

[Event "AUTO-INT-1818"]
[Site "http://www.queenalice.com/game.php?id=832732"]
[Date "2010.9.14"]
[Round "1"]
[White "HelterSkelter"]
[Black "jinkosya"]
[Result "0-1"]
[WhiteElo "1337"]
[BlackElo "1259"]

1. e4 Nf6 2. Nc3 Nc6 3. Bb5 Nb4 4. d3 c6 5. Ba4 b5 6. e5 Ng8 7. Bb3 e6 8. a3 Na6
9. Nf3 Bb7 10. d4 b4 11. axb4 Nxb4 12. Bg5 Qc8 13. O-O h6 14. Bd2 Ba6 15. Ne4
Bxf1 16. Qxf1 Nd5 17. Nd6+ Bxd6 18. c4 Nb6 19. exd6 Nf6 20. c5 Nbd5 21. Ne5 Rb8
22. Nd3 Ne4 23. Be3 Rxb3 24. Qe2 O-O 25. Rxa7 Nb4 26. Rc7 Qa8 27. Rxd7 Nxd3 28.
Qc2 Qa1+ 0-1

[Event "AUTO-INT-1818"]
[Site "http://www.queenalice.com/game.php?id=832733"]
[Date "2010.9.14"]
[Round "1"]
[White "jinkosya"]
[Black "HelterSkelter"]
[Result "1-0"]
[WhiteElo "1217"]
[BlackElo "1303"]

1. e4 e5 2. Nf3 Nc6 3. Nc3 Nd4 4. Nxd4 exd4 5. Nb5 c5 6. e5 d5 7. d3 a6 8. Nd6+
Ke7 9. Bg5+ f6 10. Bh4 Bd7 11. Qe2 g5 12. Bg3 fxe5 13. Qxe5+ Be6 14. Qxh8 Bh6
15. Nxb7 Qf8 16. Qe5 c4 17. Qd6+ Kf6 18. Qe5+ Ke7 19. Nc5 Bg7 20. Qc7+ Kf6 21.
dxc4 dxc4 22. Be5+ Kf5 23. Nd7 Qe7 24. Qb7 Rd8 25. Qf3+ Kg6 26. Nb6 Bf5 27. Nxc4
Qb4+ 28. Kd1 Qf8 29. Ke2 Re8 30. g4 1-0

[Event "AUTO-INT-1818"]
[Site "http://www.queenalice.com/game.php?id=832734"]
[Date "2010.9.14"]
[Round "1"]
[White "HelterSkelter"]
[Black "Givanildo"]
[Result "0-1"]
[WhiteElo "1346"]
[BlackElo "1611"]

1. e4 e5 2. Nf3 Qf6 3. d3 Bc5 4. Be3 Bxe3 5. fxe3 d6 6. Nc3 c6 7. d4 exd4 8.
exd4 Bg4 9. Be2 h5 10. d5 c5 11. h3 Bxf3 12. Bxf3 Ne7 13. Ne2 g5 14. Rf1 Qg7 15.
Rb1 g4 16. hxg4 hxg4 17. Bxg4 Qxg4 18. Nf4 Qg3+ 19. Kd2 Qg5 20. Qf3 Nd7 21. b3
Rh2 22. Rf2 O-O-O 23. g4 Rxf2+ 0-1

[Event "AUTO-INT-1818"]
[Site "http://www.queenalice.com/game.php?id=832735"]
[Date "2010.9.14"]
[Round "1"]
[White "Givanildo"]
[Black "HelterSkelter"]
[Result "1-0"]
[WhiteElo "1585"]
[BlackElo "1353"]

1. e4 e5 2. Bc4 Bc5 3. d3 Nc6 4. c3 Nf6 5. Bg5 Be7 6. h3 O-O 7. Bxf6 Bxf6 8. g3
d6 9. Nf3 Be6 10. Nbd2 Bxc4 11. Nxc4 b5 12. Ncd2 b4 13. c4 Bg5 14. h4 Bxd2+ 15.
Qxd2 Rb8 16. b3 Nd4 17. Nxd4 exd4 18. O-O-O c5 19. f4 f6 20. h5 h6 21. f5 g5 22.
hxg6 a5 23. Qxh6 Qd7 24. Qh8# 1-0